[Event "WCO2014"]
[Site "Tromso"]
[Date "2014.08.12"]
[Round "10.13"]
[WhiteID "12400149"]
[White "Hoang Thanh Trang"]
[BlackID "4900758"]
[Black "Munguntuul Batkhuyag"]
[Result "0-1"]
[LiveChessVersion "1.4.3"]
[BlackElo "2410"]
[WhiteElo "2485"]

1. d4 {[%clk 1:30:52]} d5 {[%clk 1:30:58]} 2. c4 {[%clk 1:31:06]} c6
{[%clk 1:31:24]} 3. Nc3 {[%clk 1:31:05]} Nf6 {[%clk 1:31:50]} 4. e3
{[%clk 1:31:18]} a6 {[%clk 1:31:24]} 5. Bd3 {[%clk 1:29:45]} e6 {[%clk 1:31:32]}
6. Nf3 {[%clk 1:28:17]} dxc4 {[%clk 1:31:24]} 7. Bxc4 {[%clk 1:28:30]} b5
{[%clk 1:31:18]} 8. Be2 {[%clk 1:27:39]} c5 {[%clk 1:24:39]} 9. O-O
{[%clk 1:23:36]} Bb7 {[%clk 1:23:47]} 10. b3 {[%clk 1:10:52]} Nbd7
{[%clk 1:19:59]} 11. Bb2 {[%clk 1:10:40]} cxd4 {[%clk 1:03:56]} 12. Nxd4
{[%clk 1:10:17]} Bc5 {[%clk 1:04:13]} 13. Bf3 {[%clk 1:05:04]} Bxf3
{[%clk 0:57:17]} 14. Nxf3 {[%clk 1:05:12]} O-O {[%clk 0:57:24]} 15. Qe2
{[%clk 1:01:23]} Rc8 {[%clk 0:47:37]} 16. a4 {[%clk 0:53:27]} b4 {[%clk 0:42:43]}
17. Nb1 {[%clk 0:52:40]} Qb6 {[%clk 0:43:04]} 18. Nbd2 {[%clk 0:52:10]} Be7
{[%clk 0:41:19]} 19. Nc4 {[%clk 0:49:43]} Qb7 {[%clk 0:37:44]} 20. Rac1
{[%clk 0:42:52]} Nc5 {[%clk 0:30:37]} 21. Nd4 {[%clk 0:33:45]} Rfd8
{[%clk 0:23:28]} 22. Rfd1 {[%clk 0:33:35]} Nd5 {[%clk 0:22:34]} 23. Qg4
{[%clk 0:26:25]} Bf6 {[%clk 0:18:59]} 24. e4 {[%clk 0:23:46]} h5 {[%clk 0:18:56]}
25. Qf3 {[%clk 0:19:49]} Nc3 {[%clk 0:19:14]} 26. Bxc3 {[%clk 0:19:39]} bxc3
{[%clk 0:19:40]} 27. e5 {[%clk 0:13:12]} Rxd4 {[%clk 0:16:04]} 28. Qxb7
{[%clk 0:09:43]} Rxd1+ {[%clk 0:16:32]} 29. Rxd1 {[%clk 0:10:04]} Nxb7
{[%clk 0:16:58]} 30. exf6 {[%clk 0:10:04]} Na5 {[%clk 0:14:34]} 31. Ne3
{[%clk 0:08:46]} Nxb3 {[%clk 0:15:00]} 32. Nc2 {[%clk 0:09:06]} e5
{[%clk 0:12:37]} 33. Kf1 {[%clk 0:08:36]} gxf6 {[%clk 0:11:06]} 34. Ke2
{[%clk 0:07:44]} Nd2 {[%clk 0:10:49]} 35. f3 {[%clk 0:07:29]} f5 {[%clk 0:10:03]}
36. Rg1 {[%clk 0:04:41]} Kh7 {[%clk 0:07:48]} 37. Ne3 {[%clk 0:04:01]} f4
{[%clk 0:07:51]} 38. Nc2 {[%clk 0:03:52]} h4 {[%clk 0:07:02]} 39. g3
{[%clk 0:02:58]} Rg8 {[%clk 0:07:06]} 40. g4 {[%clk 0:02:53]} f5 {[%clk 0:07:08]}
41. h3 {[%clk 0:03:11]} e4 {[%clk 0:07:24]} 42. Nd4 {[%clk 0:03:06]} Nxf3
{[%clk 0:05:38]} 43. Nxf3 {[%clk 0:03:10]} exf3+ {[%clk 0:06:07]} 44. Kxf3
{[%clk 0:03:09]} fxg4+ {[%clk 0:06:35]} 45. hxg4 {[%clk 0:03:26]} c2
{[%clk 0:06:59]} 46. Rc1 {[%clk 0:30:02]} Rc8 {[%clk 0:37:53]} 47. Kxf4
{[%clk 0:29:29]} Kg6 {[%clk 0:37:43]} 48. a5 {[%clk 0:28:44]} Rc3
{[%clk 0:37:55]} 49. Ke4 {[%clk 0:25:33]} h3 {[%clk 0:38:18]} 50. Kd4
{[%clk 0:25:52]} Rc8 {[%clk 0:38:43]} 51. Ke3 {[%clk 0:26:03]} h2
{[%clk 0:39:09]} 52. Kd2 {[%clk 0:26:12]} Rd8+ {[%clk 0:39:32]} 0-1

[Event "WCO2014"]
[Site "Tromso"]
[Date "2014.08.12"]
[Round "10.14"]
[WhiteID "4900839"]
[White "Batchimeg Tuvshintugs"]
[BlackID "700550"]
[Black "Madl Ildiko"]
[Result "0-1"]
[LiveChessVersion "1.4.3"]
[BlackElo "2347"]
[WhiteElo "2346"]

1. d4 {[%clk 1:30:58]} d5 {[%clk 1:30:53]} 2. c4 {[%clk 1:31:18]} c6
{[%clk 1:31:14]} 3. Nf3 {[%clk 1:31:40]} Nf6 {[%clk 1:31:19]} 4. e3
{[%clk 1:31:56]} e6 {[%clk 1:29:13]} 5. Nbd2 {[%clk 1:32:09]} Nbd7
{[%clk 1:25:51]} 6. b3 {[%clk 1:30:07]} Ne4 {[%clk 1:21:08]} 7. Nxe4
{[%clk 1:29:56]} dxe4 {[%clk 1:21:30]} 8. Nd2 {[%clk 1:30:24]} f5
{[%clk 1:19:30]} 9. f3 {[%clk 1:28:26]} exf3 {[%clk 1:14:27]} 10. Qxf3
{[%clk 1:24:38]} Be7 {[%clk 1:09:40]} 11. Bb2 {[%clk 1:23:39]} O-O
{[%clk 0:59:29]} 12. c5 {[%clk 1:21:17]} e5 {[%clk 0:54:54]} 13. Bc4+
{[%clk 1:18:21]} Kh8 {[%clk 0:54:46]} 14. O-O-O {[%clk 1:01:21]} e4
{[%clk 0:51:53]} 15. Qe2 {[%clk 0:49:34]} Nf6 {[%clk 0:49:59]} 16. g4
{[%clk 0:37:11]} fxg4 {[%clk 0:45:47]} 17. Qg2 {[%clk 0:29:13]} Bf5
{[%clk 0:44:49]} 18. Rhf1 {[%clk 0:27:46]} Qd7 {[%clk 0:42:53]} 19. Rg1
{[%clk 0:21:35]} b5 {[%clk 0:29:09]} 20. Be2 {[%clk 0:18:44]} Bd8
{[%clk 0:25:40]} 21. Rdf1 {[%clk 0:13:50]} Bc7 {[%clk 0:25:18]} 22. Qf2
{[%clk 0:13:57]} Be6 {[%clk 0:22:56]} 23. d5 {[%clk 0:14:04]} Qxd5
{[%clk 0:20:27]} 24. Bd4 {[%clk 0:04:31]} Rad8 {[%clk 0:14:20]} 25. Bxg4
{[%clk 0:04:23]} Bxg4 {[%clk 0:09:09]} 26. Rxg4 {[%clk 0:04:41]} Nxg4
{[%clk 0:08:58]} 27. Qxf8+ {[%clk 0:05:06]} Rxf8 {[%clk 0:09:13]} 28. Rxf8+
{[%clk 0:05:33]} Qg8 {[%clk 0:09:36]} 29. Rxg8+ {[%clk 0:05:50]} Kxg8
{[%clk 0:10:02]} 30. Nxe4 {[%clk 0:05:56]} Bxh2 {[%clk 0:08:40]} 31. Nd6
{[%clk 0:05:53]} h5 {[%clk 0:07:40]} 32. Kd2 {[%clk 0:02:31]} Bxd6
{[%clk 0:04:42]} 33. cxd6 {[%clk 0:02:57]} Kf7 {[%clk 0:05:05]} 34. Bxa7
{[%clk 0:00:56]} Ke6 {[%clk 0:05:05]} 35. Bc5 {[%clk 0:01:03]} Nf6
{[%clk 0:05:18]} 36. Ke2 {[%clk 0:00:47]} Ne4 {[%clk 0:04:59]} 37. Bd4
{[%clk 0:01:14]} g5 {[%clk 0:04:40]} 38. a4 {[%clk 0:01:25]} c5 {[%clk 0:02:19]}
39. Bg7 {[%clk 0:01:45]} bxa4 {[%clk 0:01:22]} 40. bxa4 {[%clk 0:02:12]} Kxd6
{[%clk 0:01:21]} 41. Kf3 {[%clk 0:27:13]} Kd5 {[%clk 0:18:49]} 42. a5
{[%clk 0:22:58]} g4+ {[%clk 0:17:55]} 43. Kf4 {[%clk 0:22:16]} g3
{[%clk 0:17:52]} 44. Kf3 {[%clk 0:22:39]} h4 {[%clk 0:18:07]} 45. a6
{[%clk 0:22:36]} Kc6 {[%clk 0:16:43]} 46. Be5 {[%clk 0:12:05]} h3
{[%clk 0:16:31]} 47. a7 {[%clk 0:10:16]} Kb7 {[%clk 0:16:17]} 48. Bxg3
{[%clk 0:08:14]} Nxg3 {[%clk 0:16:39]} 49. Kxg3 {[%clk 0:08:42]} c4
{[%clk 0:16:47]} 50. e4 {[%clk 0:06:32]} c3 {[%clk 0:17:12]} 0-1

[Event "WCO2014"]
[Site "Tromso"]
[Date "2014.08.12"]
[Round "10.15"]
[WhiteID "709751"]
[White "Gara Anita"]
[BlackID "4900260"]
[Black "Bayarmaa Bayarjargal"]
[Result "0-1"]
[LiveChessVersion "1.4.3"]
[BlackElo "2109"]
[WhiteElo "2327"]

1. e4 {[%clk 1:30:59]} c5 {[%clk 1:30:55]} 2. Nf3 {[%clk 1:31:25]} e6
{[%clk 1:31:23]} 3. d4 {[%clk 1:31:44]} cxd4 {[%clk 1:31:50]} 4. Nxd4
{[%clk 1:32:11]} Nf6 {[%clk 1:32:13]} 5. Nc3 {[%clk 1:32:37]} d6 {[%clk 1:32:38]}
6. Be2 {[%clk 1:32:45]} a6 {[%clk 1:32:56]} 7. O-O {[%clk 1:33:04]} Qc7
{[%clk 1:33:20]} 8. f4 {[%clk 1:32:26]} Be7 {[%clk 1:31:35]} 9. Kh1
{[%clk 1:31:09]} O-O {[%clk 1:29:57]} 10. Bf3 {[%clk 1:30:22]} Nc6
{[%clk 1:28:52]} 11. a4 {[%clk 1:25:46]} Re8 {[%clk 1:26:35]} 12. Be3
{[%clk 1:24:46]} Rb8 {[%clk 1:18:52]} 13. g4 {[%clk 1:24:57]} Na5
{[%clk 1:10:34]} 14. g5 {[%clk 1:23:48]} Nd7 {[%clk 1:08:21]} 15. Bg2
{[%clk 1:23:29]} Nc4 {[%clk 1:06:35]} 16. Bc1 {[%clk 1:23:50]} Bf8
{[%clk 1:06:47]} 17. Rf3 {[%clk 1:19:44]} b6 {[%clk 1:01:17]} 18. b3
{[%clk 1:18:51]} Na5 {[%clk 1:01:26]} 19. Rh3 {[%clk 1:15:17]} g6
{[%clk 1:01:12]} 20. Bb2 {[%clk 1:08:10]} Bb7 {[%clk 0:53:57]} 21. Qe1
{[%clk 1:01:14]} Bg7 {[%clk 0:53:38]} 22. Rd1 {[%clk 0:55:35]} Nf8
{[%clk 0:47:03]} 23. Qh4 {[%clk 0:50:30]} Rbc8 {[%clk 0:31:13]} 24. f5
{[%clk 0:44:13]} exf5 {[%clk 0:26:44]} 25. exf5 {[%clk 0:44:24]} Bxg2+
{[%clk 0:25:05]} 26. Kxg2 {[%clk 0:44:52]} Qb7+ {[%clk 0:19:58]} 27. Kg1
{[%clk 0:45:03]} Nc6 {[%clk 0:15:14]} 28. f6 {[%clk 0:39:26]} Bh8
{[%clk 0:15:41]} 29. Nxc6 {[%clk 0:37:07]} Rxc6 {[%clk 0:15:59]} 30. Ba3
{[%clk 0:30:06]} b5 {[%clk 0:15:34]} 31. a5 {[%clk 0:22:16]} h5 {[%clk 0:07:13]}
32. Bxd6 {[%clk 0:16:25]} Ne6 {[%clk 0:05:22]} 33. Re3 {[%clk 0:12:34]} Qa7
{[%clk 0:04:44]} 34. Qf2 {[%clk 0:12:00]} Kh7 {[%clk 0:04:35]} 35. Kg2
{[%clk 0:09:13]} Rec8 {[%clk 0:03:28]} 36. Qe1 {[%clk 0:06:25]} Qb7
{[%clk 0:02:51]} 37. Kg1 {[%clk 0:04:49]} Nxg5 {[%clk 0:01:34]} 38. h4
{[%clk 0:03:03]} Rxc3 {[%clk 0:01:15]} 39. hxg5 {[%clk 0:02:54]} Rxc2
{[%clk 0:01:18]} 40. Qg3 {[%clk 0:01:50]} Rc1 {[%clk 0:00:55]} 41. Rxc1
{[%clk 0:25:18]} Rxc1+ {[%clk 0:31:52]} 42. Re1 {[%clk 0:25:34]} Rc2
{[%clk 0:26:16]} 43. Bf4 {[%clk 0:22:11]} Qd5 {[%clk 0:22:45]} 44. Rf1
{[%clk 0:18:25]} b4 {[%clk 0:20:45]} 45. Qf3 {[%clk 0:17:37]} Qe6
{[%clk 0:17:46]} 46. Qe3 {[%clk 0:10:17]} Qd7 {[%clk 0:17:20]} 47. Rf2
{[%clk 0:07:33]} Qg4+ {[%clk 0:12:26]} 48. Qg3 {[%clk 0:07:18]} Qd1+
{[%clk 0:11:34]} 49. Rf1 {[%clk 0:06:56]} Qd7 {[%clk 0:11:35]} 50. Rf2
{[%clk 0:06:26]} Rc3 {[%clk 0:11:11]} 51. Rf3 {[%clk 0:04:14]} Qd1+
{[%clk 0:10:10]} 52. Kg2 {[%clk 0:04:43]} Qd5 {[%clk 0:10:50]} 53. Qf2
{[%clk 0:03:55]} Bxf6 {[%clk 0:08:42]} 54. gxf6 {[%clk 0:03:16]} g5
{[%clk 0:09:06]} 55. Bxg5 {[%clk 0:01:40]} Qxg5+ {[%clk 0:09:23]} 56. Kh2
{[%clk 0:02:02]} Rxf3 {[%clk 0:07:24]} 57. Qxf3 {[%clk 0:02:30]} Qh4+
{[%clk 0:07:29]} 58. Kg2 {[%clk 0:02:07]} Qg4+ {[%clk 0:07:37]} 59. Qxg4
{[%clk 0:02:33]} hxg4 {[%clk 0:08:02]} 60. Kg3 {[%clk 0:03:01]} Kg6
{[%clk 0:08:26]} 0-1

[Event "WCO2014"]
[Site "Tromso"]
[Date "2014.08.12"]
[Round "10.16"]
[WhiteID "4900600"]
[White "Ankhchimeg Bayanmunkh"]
[BlackID "739049"]
[Black "Papp Petra"]
[Result "1/2-1/2"]
[LiveChessVersion "1.4.3"]
[BlackElo "2274"]
[WhiteElo "2123"]

1. e4 {[%clk 1:30:58]} e5 {[%clk 1:29:44]} 2. Nf3 {[%clk 1:31:25]} Nc6
{[%clk 1:30:05]} 3. Bb5 {[%clk 1:31:50]} a6 {[%clk 1:30:00]} 4. Ba4
{[%clk 1:32:12]} Nf6 {[%clk 1:29:55]} 5. O-O {[%clk 1:32:31]} b5 {[%clk 1:30:06]}
6. Bb3 {[%clk 1:32:56]} Bc5 {[%clk 1:30:29]} 7. a4 {[%clk 1:32:29]} Rb8
{[%clk 1:30:42]} 8. axb5 {[%clk 1:32:30]} axb5 {[%clk 1:31:03]} 9. c3
{[%clk 1:32:41]} d6 {[%clk 1:30:35]} 10. d4 {[%clk 1:32:21]} Bb6 {[%clk 1:30:16]}
11. Qd3 {[%clk 1:32:17]} O-O {[%clk 1:25:25]} 12. Bg5 {[%clk 1:32:12]} exd4
{[%clk 1:17:25]} 13. cxd4 {[%clk 1:32:16]} h6 {[%clk 1:17:41]} 14. Bh4
{[%clk 1:32:41]} g5 {[%clk 1:16:04]} 15. e5 {[%clk 1:31:37]} gxh4
{[%clk 1:12:02]} 16. Qg6+ {[%clk 1:31:51]} Kh8 {[%clk 1:12:25]} 17. Qxh6+
{[%clk 1:32:10]} Nh7 {[%clk 1:11:52]} 18. Bc2 {[%clk 1:32:15]} f5
{[%clk 1:09:47]} 19. exf6 {[%clk 1:32:32]} Rf7 {[%clk 1:07:29]} 20. Ng5
{[%clk 1:32:28]} Qxf6 {[%clk 1:03:03]} 21. Nxf7+ {[%clk 1:31:38]} Qxf7
{[%clk 1:03:18]} 22. Bxh7 {[%clk 1:31:52]} Qxh7 {[%clk 1:03:06]} 23. Qf8+
{[%clk 1:32:06]} Qg8 {[%clk 1:03:16]} 24. Qh6+ {[%clk 1:32:30]} Qh7
{[%clk 1:03:42]} 25. Qf8+ {[%clk 1:32:56]} Qg8 {[%clk 1:03:53]} 26. Qh6+
{[%clk 1:33:22]} Qh7 1/2-1/2

[Event "WCO2014"]
[Site "Tromso"]
[Date "2014.08.12"]
[Round "10.44"]
[WhiteID "13505211"]
[White "Ziaziulkina Nastassia"]
[BlackID "7101937"]
[Black "Sukandar Irine Kharisma"]
[Result "1-0"]
[LiveChessVersion "1.4.3"]
[BlackElo "2396"]
[WhiteElo "2407"]

1. e4 {[%clk 1:30:57]} e5 {[%clk 1:30:37]} 2. Nf3 {[%clk 1:31:22]} Nc6
{[%clk 1:30:59]} 3. Bb5 {[%clk 1:31:49]} f5 {[%clk 1:31:17]} 4. d3
{[%clk 1:29:27]} fxe4 {[%clk 1:31:25]} 5. dxe4 {[%clk 1:29:52]} Nf6
{[%clk 1:31:39]} 6. O-O {[%clk 1:28:38]} Bc5 {[%clk 1:31:55]} 7. Qe2
{[%clk 1:26:32]} Nd4 {[%clk 1:32:01]} 8. Nxd4 {[%clk 1:25:31]} Bxd4
{[%clk 1:31:19]} 9. a4 {[%clk 1:19:12]} a6 {[%clk 1:28:37]} 10. Bc4
{[%clk 1:19:03]} d6 {[%clk 1:28:35]} 11. Ra3 {[%clk 0:59:37]} Bg4
{[%clk 1:24:50]} 12. Qd3 {[%clk 0:53:44]} Qd7 {[%clk 1:22:11]} 13. Be3
{[%clk 0:47:49]} Bxe3 {[%clk 1:18:25]} 14. Qxe3 {[%clk 0:48:14]} Be6
{[%clk 1:18:21]} 15. Bxe6 {[%clk 0:44:41]} Qxe6 {[%clk 1:12:58]} 16. Rb3
{[%clk 0:45:06]} Rb8 {[%clk 1:12:38]} 17. Nc3 {[%clk 0:44:20]} O-O
{[%clk 1:12:32]} 18. a5 {[%clk 0:41:13]} Qc4 {[%clk 1:10:47]} 19. h3
{[%clk 0:33:51]} Nd7 {[%clk 1:07:27]} 20. Nd5 {[%clk 0:28:47]} c6
{[%clk 0:55:14]} 21. Rc3 {[%clk 0:25:34]} Qd4 {[%clk 0:52:42]} 22. Ne7+
{[%clk 0:25:12]} Kh8 {[%clk 0:52:52]} 23. Nf5 {[%clk 0:24:49]} Qxe3
{[%clk 0:53:12]} 24. Nxe3 {[%clk 0:23:28]} Nf6 {[%clk 0:52:36]} 25. f3
{[%clk 0:23:25]} d5 {[%clk 0:49:40]} 26. exd5 {[%clk 0:21:31]} cxd5
{[%clk 0:49:56]} 27. Rd3 {[%clk 0:21:51]} Rbc8 {[%clk 0:47:54]} 28. c3
{[%clk 0:21:29]} e4 {[%clk 0:46:47]} 29. fxe4 {[%clk 0:19:17]} dxe4
{[%clk 0:47:09]} 30. Rd4 {[%clk 0:19:44]} Kg8 {[%clk 0:40:37]} 31. c4
{[%clk 0:19:09]} Rfd8 {[%clk 0:38:58]} 32. Rfd1 {[%clk 0:19:25]} Rxd4
{[%clk 0:39:20]} 33. Rxd4 {[%clk 0:19:52]} Kf7 {[%clk 0:39:21]} 34. b4
{[%clk 0:19:10]} Ke6 {[%clk 0:38:48]} 35. c5 {[%clk 0:18:48]} Ke5
{[%clk 0:26:07]} 36. Rd6 {[%clk 0:19:05]} Rc6 {[%clk 0:23:09]} 37. Rd8
{[%clk 0:18:45]} Rc7 {[%clk 0:22:49]} 38. Nc4+ {[%clk 0:18:06]} Ke6
{[%clk 0:22:20]} 39. Rd6+ {[%clk 0:16:35]} Ke7 {[%clk 0:22:21]} 40. Nb6
{[%clk 0:08:50]} Rc6 {[%clk 0:15:39]} 41. Rd4 {[%clk 0:08:55]} Ke6
{[%clk 0:11:28]} 42. Kf2 {[%clk 0:07:40]} h5 {[%clk 0:29:29]} 43. Ke3
{[%clk 0:30:39]} g5 {[%clk 0:28:50]} 44. Na4 {[%clk 0:29:37]} Ke5
{[%clk 0:26:58]} 45. Nc3 {[%clk 0:27:58]} Re6 {[%clk 0:27:12]} 46. g3
{[%clk 0:26:19]} Re7 {[%clk 0:23:44]} 47. Rd8 {[%clk 0:24:00]} Kf5
{[%clk 0:20:14]} 48. Rf8 {[%clk 0:18:11]} Ke5 {[%clk 0:19:49]} 49. Rxf6
{[%clk 0:17:34]} Kxf6 {[%clk 0:20:02]} 50. Nd5+ {[%clk 0:18:01]} Ke6
{[%clk 0:19:51]} 51. Nxe7 {[%clk 0:18:28]} Kxe7 {[%clk 0:20:17]} 52. Kxe4
{[%clk 0:18:33]} Ke6 {[%clk 0:20:41]} 53. g4 {[%clk 0:18:03]} 1-0

[Event "WCO2014"]
[Site "Tromso"]
[Date "2014.08.12"]
[Round "10.43"]
[WhiteID "7101570"]
[White "Aulia Medina Warda"]
[BlackID "13505300"]
[Black "Stetsko Lanita"]
[Result "1/2-1/2"]
[LiveChessVersion "1.4.3"]
[BlackElo "2261"]
[WhiteElo "2397"]

1. e4 {[%clk 1:30:57]} e5 {[%clk 1:30:50]} 2. Bc4 {[%clk 1:31:20]} Nc6
{[%clk 1:31:04]} 3. d3 {[%clk 1:31:26]} Nf6 {[%clk 1:27:38]} 4. Nc3
{[%clk 1:31:36]} Bb4 {[%clk 1:23:09]} 5. Nge2 {[%clk 1:31:39]} d5
{[%clk 1:08:13]} 6. exd5 {[%clk 1:31:49]} Nxd5 {[%clk 1:08:39]} 7. O-O
{[%clk 1:32:08]} Nb6 {[%clk 1:02:30]} 8. Bb3 {[%clk 1:31:25]} Na5
{[%clk 0:56:42]} 9. f4 {[%clk 1:30:20]} Nxb3 {[%clk 0:56:28]} 10. axb3
{[%clk 1:30:40]} exf4 {[%clk 0:55:35]} 11. Nxf4 {[%clk 1:30:48]} O-O
{[%clk 0:54:19]} 12. Qf3 {[%clk 1:30:52]} c6 {[%clk 0:49:19]} 13. Kh1
{[%clk 1:19:33]} Qh4 {[%clk 0:31:21]} 14. h3 {[%clk 1:12:23]} Bd7
{[%clk 0:28:48]} 15. Be3 {[%clk 1:12:08]} f5 {[%clk 0:26:41]} 16. Na4
{[%clk 1:07:31]} Nxa4 {[%clk 0:22:23]} 17. Rxa4 {[%clk 1:07:37]} a5
{[%clk 0:21:50]} 18. Bf2 {[%clk 1:02:39]} Qg5 {[%clk 0:20:57]} 19. Be1
{[%clk 1:01:53]} Qe7 {[%clk 0:19:00]} 20. Ra1 {[%clk 0:54:05]} Bd6
{[%clk 0:18:12]} 21. Bc3 {[%clk 0:53:34]} b5 {[%clk 0:15:13]} 22. Rae1
{[%clk 0:53:50]} Qh4 {[%clk 0:14:45]} 23. Be5 {[%clk 0:52:15]} Bxe5
{[%clk 0:09:51]} 24. Rxe5 {[%clk 0:52:39]} Rae8 {[%clk 0:09:22]} 25. d4
{[%clk 0:52:46]} g5 {[%clk 0:08:34]} 26. Qh5 {[%clk 0:51:48]} Qxh5
{[%clk 0:06:49]} 27. Nxh5 {[%clk 0:52:13]} Kf7 {[%clk 0:06:35]} 28. Ng3
{[%clk 0:50:57]} Rxe5 {[%clk 0:06:20]} 29. dxe5 {[%clk 0:51:22]} Ke7
{[%clk 0:05:58]} 30. Ne2 {[%clk 0:46:23]} Ke6 {[%clk 0:05:37]} 31. Rd1
{[%clk 0:46:47]} Rf7 {[%clk 0:05:55]} 32. Ra1 {[%clk 0:44:58]} Kxe5
{[%clk 0:06:20]} 33. Rxa5 {[%clk 0:45:24]} Ke4 {[%clk 0:06:24]} 34. Nc1
{[%clk 0:41:39]} f4 {[%clk 0:06:17]} 35. Nd3 {[%clk 0:41:59]} Kd4
{[%clk 0:05:05]} 36. Ra8 {[%clk 0:39:05]} Bf5 {[%clk 0:02:04]} 37. Kg1
{[%clk 0:32:20]} Rd7 {[%clk 0:01:52]} 38. Ne1 {[%clk 0:26:59]} Ke3
{[%clk 0:01:46]} 39. Re8+ {[%clk 0:27:20]} Kd2 {[%clk 0:01:47]} 40. Re5
{[%clk 0:23:17]} Bxc2 {[%clk 0:00:48]} 41. b4 {[%clk 0:19:12]} Bd1
{[%clk 0:26:21]} 42. Kf2 {[%clk 0:49:46]} Kc1 {[%clk 0:25:18]} 43. Rc5+
{[%clk 0:49:26]} Kxb2 {[%clk 0:25:41]} 44. Rxc6 {[%clk 0:49:52]} Rd2+
{[%clk 0:23:46]} 45. Kg1 {[%clk 0:49:34]} Kb3 {[%clk 0:23:38]} 46. Rc5
{[%clk 0:49:51]} Kxb4 {[%clk 0:23:32]} 47. Rxg5 {[%clk 0:50:18]} Kc4
{[%clk 0:23:01]} 48. Rf5 {[%clk 0:50:14]} Rd4 {[%clk 0:21:19]} 49. Rf7
{[%clk 0:49:54]} h5 {[%clk 0:20:08]} 50. Kf2 {[%clk 0:49:14]} b4 {[%clk 0:16:09]}
51. Rc7+ {[%clk 0:48:58]} Kb3 {[%clk 0:16:22]} 52. Nf3 {[%clk 0:48:37]} Bxf3
{[%clk 0:14:15]} 53. Kxf3 {[%clk 0:49:03]} Ka2 {[%clk 0:13:34]} 54. Ra7+
{[%clk 0:49:01]} Kb2 {[%clk 0:11:57]} 55. Rh7 {[%clk 0:48:49]} b3
{[%clk 0:11:36]} 56. Rxh5 {[%clk 0:48:34]} Kc3 {[%clk 0:11:11]} 57. Re5
{[%clk 0:45:19]} b2 {[%clk 0:11:18]} 58. Re1 {[%clk 0:45:45]} Rb4
{[%clk 0:04:40]} 59. h4 {[%clk 0:45:10]} b1=Q {[%clk 0:04:57]} 60. Rxb1
{[%clk 0:45:36]} Rxb1 {[%clk 0:05:21]} 61. Kxf4 {[%clk 0:45:58]} Kd4
{[%clk 0:05:30]} 62. h5 {[%clk 0:46:17]} Kd5 {[%clk 0:03:47]} 63. Kf5
{[%clk 0:45:46]} Rf1+ {[%clk 0:03:56]} 64. Kg6 {[%clk 0:41:19]} Rg1
{[%clk 0:02:58]} 65. Kf6 {[%clk 0:41:08]} Rxg2 {[%clk 0:02:54]} 66. h6
{[%clk 0:41:35]} Rh2 {[%clk 0:02:55]} 67. Kg7 {[%clk 0:41:51]} Ke6
{[%clk 0:02:05]} 68. h7 {[%clk 0:42:10]} Rg2+ {[%clk 0:01:33]} 69. Kh8
{[%clk 0:41:29]} 1/2-1/2

[Event "WCO2014"]
[Site "Tromso"]
[Date "2014.08.12"]
[Round "10.42"]
[WhiteID "13502280"]
[White "Nevioselaya Maria"]
[BlackID "7101198"]
[Black "Sihite Chelsie Monica Ignesias"]
[Result "0-1"]
[LiveChessVersion "1.4.3"]
[BlackElo "2206"]
[WhiteElo "2032"]

1. e4 {[%clk 1:30:58]} e5 {[%clk 1:30:49]} 2. Nf3 {[%clk 1:31:25]} Nc6
{[%clk 1:31:02]} 3. Bb5 {[%clk 1:31:51]} a6 {[%clk 1:28:51]} 4. Ba4
{[%clk 1:32:16]} Nf6 {[%clk 1:29:14]} 5. O-O {[%clk 1:32:35]} b5 {[%clk 1:26:14]}
6. Bb3 {[%clk 1:33:01]} Bc5 {[%clk 1:26:25]} 7. c3 {[%clk 1:30:42]} d6
{[%clk 1:25:30]} 8. a4 {[%clk 1:30:49]} Rb8 {[%clk 1:25:45]} 9. d4
{[%clk 1:31:04]} Bb6 {[%clk 1:26:04]} 10. a5 {[%clk 1:31:06]} Ba7
{[%clk 1:26:32]} 11. h3 {[%clk 1:27:04]} O-O {[%clk 1:19:19]} 12. Be3
{[%clk 1:23:26]} Ra8 {[%clk 1:17:30]} 13. Re1 {[%clk 1:13:38]} h6
{[%clk 1:12:32]} 14. Nh4 {[%clk 1:00:53]} Re8 {[%clk 0:54:53]} 15. Qf3
{[%clk 0:54:26]} exd4 {[%clk 0:51:15]} 16. cxd4 {[%clk 0:51:23]} Nxd4
{[%clk 0:50:45]} 17. Bxd4 {[%clk 0:28:33]} Bxd4 {[%clk 0:51:14]} 18. Nc3
{[%clk 0:28:51]} Be6 {[%clk 0:48:01]} 19. Bc2 {[%clk 0:27:57]} Ng4
{[%clk 0:46:37]} 20. hxg4 {[%clk 0:16:58]} Qxh4 {[%clk 0:47:05]} 21. Rf1
{[%clk 0:17:11]} Bxg4 {[%clk 0:47:00]} 22. Qd3 {[%clk 0:17:35]} c5
{[%clk 0:43:57]} 23. Nd5 {[%clk 0:16:38]} Be5 {[%clk 0:36:50]} 24. g3
{[%clk 0:16:47]} Qh5 {[%clk 0:37:02]} 25. Bd1 {[%clk 0:15:23]} Rac8
{[%clk 0:29:46]} 26. Bxg4 {[%clk 0:13:50]} Qxg4 {[%clk 0:30:11]} 27. Rab1
{[%clk 0:08:15]} Bd4 {[%clk 0:30:16]} 28. Rfe1 {[%clk 0:07:26]} Re5
{[%clk 0:25:17]} 29. Kg2 {[%clk 0:07:37]} Rce8 {[%clk 0:23:43]} 30. f3
{[%clk 0:07:52]} Qc8 {[%clk 0:22:39]} 31. Rh1 {[%clk 0:05:18]} f5
{[%clk 0:22:34]} 32. Rh4 {[%clk 0:03:42]} Qb7 {[%clk 0:18:32]} 33. Kh2
{[%clk 0:02:51]} Rxd5 {[%clk 0:17:13]} 34. exd5 {[%clk 0:03:05]} Qxd5
{[%clk 0:17:40]} 35. Rd1 {[%clk 0:02:23]} Qe6 {[%clk 0:17:57]} 36. Kh1
{[%clk 0:01:42]} Qg6 {[%clk 0:16:42]} 37. g4 {[%clk 0:00:59]} Qf6
{[%clk 0:16:22]} 38. Rh2 {[%clk 0:00:57]} fxg4 {[%clk 0:16:09]} 39. fxg4
{[%clk 0:00:57]} Re3 {[%clk 0:14:53]} 40. Qf1 {[%clk 0:01:17]} Qe7
{[%clk 0:14:11]} 41. Rg2 {[%clk 0:15:37]} Qh4+ {[%clk 0:43:12]} 42. Rh2
{[%clk 0:15:47]} Qxg4 {[%clk 0:43:35]} 43. Rg2 {[%clk 0:13:02]} Rh3+
{[%clk 0:43:10]} 44. Rh2 {[%clk 0:13:27]} Rxh2+ {[%clk 0:41:02]} 45. Kxh2
{[%clk 0:13:52]} Be5+ {[%clk 0:41:31]} 46. Kh1 {[%clk 0:14:12]} Qh4+
{[%clk 0:42:01]} 47. Kg2 {[%clk 0:14:10]} Qg3+ {[%clk 0:42:30]} 0-1